[Event "Amsterdam Chess Tournament 2005"]
[Site "Amsterdam NED"]
[Date "2005.07.19"]
[Round "4.41"]
[White "Overeem, Marc"]
[Black "Vogel, Jaap"]
[Result "1/2-1/2"]
[WhiteElo "2199"]
[BlackElo "2291"]
[PlyCount "137"]
[EventDate "2005.07.16"]
[EventType "tourn"]
[EventRounds "9"]
[EventCountry "NED"]
[Source "lmi"]
[SourceDate "2005.07.25"]

1. c4 e6 2. g3 Nf6 3. Bg2 d5 4. Nf3 Be7 5. O-O O-O 6. d4 b6 7. cxd5 exd5 8. Nc3
Bb7 9. Qc2 Na6 10. Rd1 Qc8 11. Ne5 c5 12. Be3 Qe6 13. Rac1 Bd6 14. Nf3 h6 15.
Nb5 Be7 16. a3 Bc6 17. Nc3 Rfc8 18. Ne5 Bb7 19. Qb1 cxd4 20. Bxd4 Nc5 21. b4
Nce4 22. Qb2 Nxc3 23. Bxc3 Ne4 24. Bd4 Bf6 25. Nd3 Rxc1 26. Rxc1 Bxd4 27. Qxd4
Rc8 28. Qb2 Rxc1+ 29. Qxc1 Ba6 30. Qc2 Bxd3 31. exd3 Nf6 32. Qd2 d4 33. Qf4 Qd7
34. h3 Qd8 35. Qe5 a5 36. bxa5 bxa5 37. a4 Qb6 38. Be4 Kf8 39. Kg2 Nd7 40. Qd5
Nf6 41. Qa8+ Ke7 42. Bc6 Qd8 43. Qa7+ Kf8 44. Qc5+ Kg8 45. Bf3 Kh8 46. h4 Kg8
47. Kf1 Kh8 48. Qb5 Kg8 49. Bc6 Kh8 50. Qb7 Kg8 51. Bb5 Ng4 52. Qe4 Nf6 53. Qf4
h5 54. Bc4 Kf8 55. Qg5 Qb6 56. Qf5 g6 57. Qe5 Ng4 58. Qf4 Qf6 59. Qxf6 Nxf6 60.
Kg2 Nd7 61. Kf3 Nc5 62. Kf4 f6 63. Bb5 Ke7 64. f3 Kd6 65. g4 Ne6+ 66. Kg3 Ke5
67. gxh5 gxh5 68. Be8 Nf4 69. Bb5 1/2-1/2

[Event "Amsterdam Chess Tournament 2005"]
[Site "Amsterdam NED"]
[Date "2005.07.19"]
[Round "4.44"]
[White "Slingerland, Fred"]
[Black "Drost, Peter"]
[Result "1-0"]
[WhiteElo "2259"]
[BlackElo "2203"]
[PlyCount "77"]
[EventDate "2005.07.16"]
[EventType "tourn"]
[EventRounds "9"]
[EventCountry "NED"]
[Source "lmi"]
[SourceDate "2005.07.25"]

1. e4 c5 2. Nf3 Nc6 3. d4 cxd4 4. Nxd4 Nf6 5. Nc3 d6 6. Be2 e5 7. Nb3 Be7 8.
O-O O-O 9. Be3 a5 10. a4 Nb4 11. Bf3 Be6 12. Re1 Rc8 13. h3 d5 14. exd5 Nfxd5
15. Nxd5 Nxd5 16. Bd2 b6 17. Rxe5 Bf6 18. Bg5 Bxe5 19. Bxd8 Rfxd8 20. Qe2 Bxb2
21. c4 Bxa1 22. cxd5 Bf5 23. Nxa1 Rc1+ 24. Kh2 Rxa1 25. Qe5 Rxa4 26. Qxf5 Rd4
27. Qe5 Rc4 28. Qe7 Rcc8 29. d6 b5 30. Bd5 Rb8 31. Qc7 Rbc8 32. Qxf7+ Kh8 33.
Bb7 Rb8 34. Qc7 Rf8 35. d7 Rbd8 36. Bc8 a4 37. Qa5 Rxc8 38. dxc8=R a3 39. Rxf8#
1-0

[Event "Amsterdam Chess Tournament 2005"]
[Site "Amsterdam NED"]
[Date "2005.07.19"]
[Round "4.46"]
[White "Ruijgrok, Dennis"]
[Black "Riemens, Albert"]
[Result "1-0"]
[WhiteElo "2249"]
[BlackElo "2210"]
[PlyCount "33"]
[EventDate "2005.07.16"]
[EventType "tourn"]
[EventRounds "9"]
[EventCountry "NED"]
[Source "lmi"]
[SourceDate "2005.07.25"]

1. e4 c5 2. b3 Nc6 3. Bb2 e5 4. Bb5 Nd4 5. Bxd4 cxd4 6. Nf3 Nf6 7. O-O Be7 8.
c3 dxc3 9. d4 O-O 10. dxe5 Nxe4 11. Qd5 Nd2 12. Nbxd2 cxd2 13. Rad1 d6 14. Rxd2
dxe5 15. Qxe5 Qb6 16. Qxe7 Qxb5 17. Rd8 1-0

[Event "Amsterdam Chess Tournament 2005"]
[Site "Amsterdam NED"]
[Date "2005.07.19"]
[Round "4.47"]
[White "Van Eekhout, David"]
[Black "Hansen, Kay"]
[Result "1-0"]
[WhiteElo "2240"]
[BlackElo "2205"]
[PlyCount "89"]
[EventDate "2005.07.16"]
[EventType "tourn"]
[EventRounds "9"]
[EventCountry "NED"]
[Source "lmi"]
[SourceDate "2005.07.25"]

1. e4 c6 2. d4 d5 3. exd5 cxd5 4. c4 Nf6 5. Nc3 Nc6 6. Nf3 Bg4 7. Be3 Bxf3 8.
Qxf3 e6 9. c5 Be7 10. Be2 O-O 11. O-O b6 12. Bb5 Nb4 13. Qe2 a6 14. a3 bxc5 15.
dxc5 d4 16. axb4 dxc3 17. Bc6 cxb2 18. Qxb2 Rb8 19. Rfc1 Ng4 20. Bf4 Bf6 21.
Qe2 Rxb4 22. Bd6 Bxa1 23. Rxa1 Qf6 24. Rc1 Rd8 25. h3 Nh6 26. Bc7 Rf8 27. Bd6
Rb2 28. Qe1 Qd8 29. Qc3 Rb8 30. Bxb8 Qxb8 31. Bd7 Nf5 32. c6 Qc7 33. Rb1 Ne7
34. Qc5 Nd5 35. Rb7 Qe5 36. c7 Qe1+ 37. Kh2 Nxc7 38. Rxc7 g6 39. Ra7 Qe2 40.
Qb6 Qe5+ 41. g3 Rb8 42. Qc7 Qxc7 43. Rxc7 Rb2 44. Kg2 h5 45. Be8 1-0

[Event "Amsterdam Chess Tournament 2005"]
[Site "Amsterdam NED"]
[Date "2005.07.19"]
[Round "4.48"]
[White "Bensdorp, Marlies"]
[Black "Bitalzadeh, Ali"]
[Result "1-0"]
[WhiteElo "2225"]
[BlackElo "2317"]
[PlyCount "91"]
[EventDate "2005.07.16"]
[EventType "tourn"]
[EventRounds "9"]
[EventCountry "NED"]
[Source "lmi"]
[SourceDate "2005.07.25"]

1. d4 Nf6 2. c4 g6 3. Nc3 Bg7 4. e4 d6 5. h3 O-O 6. Bg5 c5 7. d5 a6 8. a4 Qa5
9. Bd2 e6 10. Bd3 exd5 11. cxd5 Re8 12. Nf3 Qc7 13. O-O b6 14. Re1 Nbd7 15. Rc1
Rb8 16. Bf4 Ne5 17. Nxe5 dxe5 18. Be3 Nh5 19. Bc4 Qd6 20. b3 Nf4 21. Bf1 g5 22.
a5 b5 23. Ne2 Qg6 24. f3 c4 25. bxc4 bxc4 26. Rxc4 Bd7 27. Rc7 Qd6 28. Rc1 Qa3
29. Nxf4 gxf4 30. Bb6 Bf8 31. Qd3 Qd6 32. Bc7 Qg6 33. Qxa6 Qg3 34. Qe2 Rb3 35.
Qf2 Qg5 36. Kh1 Bb4 37. Red1 Ba3 38. Rb1 Rc3 39. Bb6 Rec8 40. a6 Bc1 41. a7 Be3
42. Qa2 Bxh3 43. Bxe3 Rc2 44. Qxc2 Rxc2 45. a8=Q+ Bc8 46. Rb8 1-0

[Event "Amsterdam Chess Tournament 2005"]
[Site "Amsterdam NED"]
[Date "2005.07.19"]
[Round "4.49"]
[White "Blanchard, Jack"]
[Black "Van Gool, Henk"]
[Result "0-1"]
[WhiteElo "2219"]
[BlackElo "2242"]
[PlyCount "80"]
[EventDate "2005.07.16"]
[EventType "tourn"]
[EventRounds "9"]
[EventCountry "NED"]
[Source "lmi"]
[SourceDate "2005.07.25"]

1. d4 Nf6 2. c3 b6 3. Nf3 Bb7 4. Bg5 d6 5. Nbd2 Nbd7 6. e3 e6 7. h3 Be7 8. Bd3
Nd5 9. Bxe7 Qxe7 10. Qe2 O-O 11. c4 Nb4 12. Bb1 c5 13. dxc5 dxc5 14. Ne4 Rad8
15. O-O Bxe4 16. Bxe4 f5 17. Bc2 e5 18. Rfd1 e4 19. Ne1 Nf6 20. Bb3 Qe5 21. a3
Nc6 22. Ba4 Ne7 23. Rd2 f4 24. Rad1 Rxd2 25. Qxd2 fxe3 26. fxe3 Qg3 27. Nc2 Nf5
28. Qf2 Qe5 29. b3 Ng3 30. Qd2 Qb2 31. b4 Qe5 32. Bc6 h5 33. Bd5+ Kh7 34. Na1
Qg5 35. Nb3 Nf5 36. bxc5 bxc5 37. Re1 Nh4 38. Kh1 Qg3 39. Rf1 Ng4 40. Bxe4+ Kh6
0-1

[Event "Amsterdam Chess Tournament 2005"]
[Site "Amsterdam NED"]
[Date "2005.07.19"]
[Round "4.50"]
[White "Odink, Karel"]
[Black "Gavin Roche, Enrique"]
[Result "1/2-1/2"]
[WhiteElo "2198"]
[BlackElo "2230"]
[PlyCount "133"]
[EventDate "2005.07.16"]
[EventType "tourn"]
[EventRounds "9"]
[EventCountry "NED"]
[Source "lmi"]
[SourceDate "2005.07.25"]

1. e4 e5 2. Nf3 d6 3. d4 Nf6 4. Nc3 Nbd7 5. Bc4 Be7 6. O-O O-O 7. Re1 c6 8. a4
b6 9. d5 c5 10. h3 a6 11. g4 Ne8 12. Qe2 g6 13. Bh6 Ng7 14. Bd3 Nf6 15. Nd2
Nfe8 16. Nf3 Nc7 17. Nd1 Rb8 18. Ne3 Kh8 19. c3 b5 20. axb5 axb5 21. b4 c4 22.
Bc2 Bd7 23. Ra2 Ra8 24. Rea1 Rxa2 25. Rxa2 Qb8 26. Ne1 Qb7 27. f4 f6 28. Nf3
Kg8 29. Bb1 Qb6 30. Kg2 Qb7 31. Qd2 Bd8 32. h4 Nce8 33. f5 Kh8 34. Nf1 Rg8 35.
Ng3 Qc8 36. Be3 gxf5 37. exf5 Bc7 38. h5 Bxf5 39. gxf5 Nxh5 40. Bf2 Qd7 41. Qh6
Nf4+ 42. Kf1 Nxd5 43. Ra3 Nf4 44. Nh4 Qg7 45. Qxg7+ Kxg7 46. Ra7 Kf8 47. Rb7
Rg4 48. Ng2 Nd5 49. Be4 Nxc3 50. Bf3 Rg5 51. Be1 d5 52. Bxc3 Rxg3 53. Kf2 e4
54. Bxe4 dxe4 55. Ne3 Rf3+ 56. Ke2 Bf4 57. Nd5 Bg5 58. Bd4 c3 59. Nxc3 Rxf5 60.
Nxe4 h5 61. Bc5+ Kg8 62. Rxb5 Re5 63. Kf3 Rf5+ 64. Ke2 Re5 65. Kf3 Rf5+ 66. Kg2
Re5 67. Kf3 1/2-1/2

[Event "Amsterdam Chess Tournament 2005"]
[Site "Amsterdam NED"]
[Date "2005.07.20"]
[Round "5.8"]
[White "Megaranto, Susanto"]
[Black "Erenburg, Sergey"]
[Result "1/2-1/2"]
[WhiteElo "2499"]
[BlackElo "2595"]
[PlyCount "144"]
[EventDate "2005.07.16"]
[EventType "tourn"]
[EventRounds "9"]
[EventCountry "NED"]
[Source "lmi"]
[SourceDate "2005.07.25"]

1. e4 c6 2. d4 d5 3. Nc3 dxe4 4. Nxe4 Bf5 5. Ng3 Bg6 6. h4 h6 7. Nf3 Nd7 8. h5
Bh7 9. Bd3 Bxd3 10. Qxd3 e6 11. Bf4 Qa5+ 12. Bd2 Qc7 13. O-O-O Ngf6 14. Ne4
O-O-O 15. g3 Be7 16. c4 c5 17. Bf4 Qa5 18. Kb1 cxd4 19. c5 Nxe4 20. Qxe4 Nxc5
21. Rc1 Rd5 22. Ne5 f5 23. Qe1 Qxe1 24. Rhxe1 d3 25. Red1 a5 26. Nc4 Kd7 27.
Nb6+ Kc6 28. Nxd5 Kxd5 29. Be3 b6 30. f3 g6 31. hxg6 Rg8 32. Bxc5 Bxc5 33.
Rxd3+ Ke5 34. f4+ Kf6 35. Kc2 Rxg6 36. Kd2 e5 37. fxe5+ Kxe5 38. Re1+ Kf6 39.
Ke2 Rg4 40. Kf3 Rc4 41. Re2 h5 42. Rc3 Rd4 43. Rce3 Rd6 44. Re8 Rd3+ 45. Kg2 h4
46. gxh4 f4 47. R2e4 f3+ 48. Kg3 Bd6+ 49. Kf2 Bc5+ 50. Kg3 Bd6+ 51. Kh3 Rd2 52.
Re3 f2 53. Kg2 Bc5 54. Re2 Rd3 55. Rxf2+ Bxf2 56. Rf8+ Kg6 57. Rxf2 Kh5 58.
Rf5+ Kxh4 59. Rb5 Kg4 60. Rxb6 Rd2+ 61. Kf1 Kf3 62. Ke1 Rh2 63. Kd1 Ke3 64. Kc1
Kd3 65. Rd6+ Kc4 66. Rd2 Rh1+ 67. Kc2 a4 68. Rg2 a3 69. b3+ Kb4 70. Kd3 Rh3+
71. Kc2 Rh1 72. Rd2 Rh4 1/2-1/2

[Event "Amsterdam Chess Tournament 2005"]
[Site "Amsterdam NED"]
[Date "2005.07.20"]
[Round "5.10"]
[White "Siebrecht, Sebastian"]
[Black "Nijboer, Friso"]
[Result "1/2-1/2"]
[WhiteElo "2487"]
[BlackElo "2529"]
[PlyCount "118"]
[EventDate "2005.07.16"]
[EventType "tourn"]
[EventRounds "9"]
[EventCountry "NED"]
[Source "lmi"]
[SourceDate "2005.07.25"]

1. d4 f5 2. g3 Nf6 3. Bg2 g6 4. Nf3 Bg7 5. O-O O-O 6. c4 d6 7. Nc3 c6 8. d5 e5
9. dxe6 Bxe6 10. b3 Na6 11. Bb2 Qe7 12. Ng5 Bd7 13. Qd2 h6 14. Nh3 Rad8 15.
Rad1 Bc8 16. Rfe1 g5 17. f4 Nc5 18. fxg5 Ng4 19. e4 Qf7 20. b4 Ne6 21. exf5
Nxg5 22. Nxg5 hxg5 23. Nd5 Bxb2 24. Ne7+ Kh7 25. Qxb2 Ne5 26. Nxc8 Rxc8 27. c5
Rce8 28. Qc3 Qc4 29. Qxc4 Nxc4 30. Rxe8 Rxe8 31. cxd6 Rd8 32. d7 Kg7 33. b5
cxb5 34. Bxb7 Ne3 35. Rd3 Nxf5 36. Ba6 b4 37. g4 Nh6 38. h3 Nf7 39. Bb5 Kf6 40.
Ba4 Ne5 41. Rd6+ Ke7 42. Ra6 Ra8 43. Rh6 Rd8 44. Rh7+ Ke6 45. Rh6+ Kd5 46. Rh5
Nxd7 47. Bxd7 Rxd7 48. Rxg5+ Ke4 49. Rf5 a5 50. Rxa5 Kf3 51. Rf5+ Kg3 52. g5
Rd1+ 53. Rf1 Rd2 54. Rb1 Rxa2 55. g6 Rg2+ 56. Kf1 Kxh3 57. Rb3+ Kh2 58. Rxb4
Rxg6 59. Kf2 Rf6+ 1/2-1/2

[Event "Amsterdam Chess Tournament 2005"]
[Site "Amsterdam NED"]
[Date "2005.07.20"]
[Round "5.11"]
[White "Lyell, Mark"]
[Black "L'Ami, Erwin"]
[Result "0-1"]
[WhiteElo "2194"]
[BlackElo "2519"]
[PlyCount "60"]
[EventDate "2005.07.16"]
[EventType "tourn"]
[EventRounds "9"]
[EventCountry "NED"]
[Source "lmi"]
[SourceDate "2005.07.25"]

1. e4 e6 2. d4 d5 3. e5 c5 4. c3 Nc6 5. Nf3 Bd7 6. Be2 Nge7 7. Na3 cxd4 8. cxd4
Nf5 9. Nc2 Qb6 10. O-O a5 11. g4 Nfe7 12. Bd2 h5 13. Bc3 hxg4 14. Nfe1 f5 15.
exf6 gxf6 16. Bxg4 O-O-O 17. Nd3 Bh6 18. f4 e5 19. Bxd7+ Rxd7 20. Nc5 Rdd8 21.
fxe5 Rdg8+ 22. Kh1 fxe5 23. Na4 Qc7 24. dxe5 Nf5 25. Rxf5 Bf4 26. Rh5 Qg7 27.
Nb6+ Kb8 28. Nd7+ Ka8 29. Qe2 Rxh5 30. e6 Qg3 0-1

[Event "Amsterdam Chess Tournament 2005"]
[Site "Amsterdam NED"]
[Date "2005.07.20"]
[Round "5.13"]
[White "Avrukh, Boris"]
[Black "Dambacher, Martyn"]
[Result "1-0"]
[WhiteElo "2652"]
[BlackElo "2388"]
[PlyCount "69"]
[EventDate "2005.07.16"]
[EventType "tourn"]
[EventRounds "9"]
[EventCountry "NED"]
[Source "lmi"]
[SourceDate "2005.07.25"]

1. d4 d5 2. c4 e6 3. Nc3 Nf6 4. cxd5 exd5 5. Bg5 Be7 6. e3 O-O 7. Bd3 Nbd7 8.
Nf3 Re8 9. Qc2 Nf8 10. h3 c6 11. Bf4 Bd6 12. Bxd6 Qxd6 13. O-O Ne6 14. Rab1 a5
15. a3 g6 16. Rfc1 Ng7 17. Na4 Bf5 18. Nc5 Re7 19. b4 axb4 20. Rxb4 Rxa3 21.
Bxf5 Nxf5 22. Qb2 Ra7 23. Nxb7 Qc7 24. Nd8 Ra6 25. Ne5 Rxe5 26. dxe5 Nd7 27. e6
fxe6 28. Nxe6 Qd6 29. Nd4 Ne7 30. Rb7 Ne5 31. Rb8+ Kf7 32. Rh8 Kg7 33. Rd8 Qa3
34. Qc2 Qa2 35. Qc3 1-0

[Event "Amsterdam Chess Tournament 2005"]
[Site "Amsterdam NED"]
[Date "2005.07.20"]
[Round "5.14"]
[White "Khuzman, Alexander"]
[Black "Pliester, Leon"]
[Result "1-0"]
[WhiteElo "2577"]
[BlackElo "2378"]
[PlyCount "83"]
[EventDate "2005.07.16"]
[EventType "tourn"]
[EventRounds "9"]
[EventCountry "NED"]
[Source "lmi"]
[SourceDate "2005.07.25"]

1. d4 d5 2. c4 c6 3. Nf3 Nf6 4. Nc3 dxc4 5. a4 Bf5 6. Ne5 e6 7. f3 Bb4 8. e4
Bxe4 9. fxe4 Nxe4 10. Bd2 Qxd4 11. Nxe4 Qxe4+ 12. Qe2 Bxd2+ 13. Kxd2 Qd5+ 14.
Kc2 Na6 15. Nxc4 O-O 16. Qf3 Rfd8 17. Be2 Qc5 18. Kb1 Nb4 19. Rf1 Rd7 20. Ra3
Rad8 21. Rc3 Qg5 22. Qg4 Qxg4 23. Bxg4 Rd4 24. Bf3 b6 25. a5 Rb8 26. Rd1 Rxd1+
27. Bxd1 c5 28. Bf3 Kf8 29. axb6 axb6 30. Ra3 f6 31. Ra7 Nd5 32. Bg4 Nf4 33. g3
f5 34. Bxf5 exf5 35. gxf4 Rd8 36. Nxb6 Rd4 37. Nd7+ Kg8 38. Nxc5 g5 39. fxg5 f4
40. Rg7+ Kh8 41. Rf7 Kg8 42. Rf8+ 1-0

[Event "Amsterdam Chess Tournament 2005"]
[Site "Amsterdam NED"]
[Date "2005.07.20"]
[Round "5.15"]
[White "Van Delft, Merijn"]
[Black "Wells, Peter"]
[Result "1/2-1/2"]
[WhiteElo "2369"]
[BlackElo "2529"]
[PlyCount "39"]
[EventDate "2005.07.16"]
[EventType "tourn"]
[EventRounds "9"]
[EventCountry "NED"]
[Source "lmi"]
[SourceDate "2005.07.25"]

1. e4 c5 2. Nf3 Nc6 3. d4 cxd4 4. Nxd4 Nf6 5. Nc3 d6 6. Bg5 e6 7. Qd2 Be7 8.
O-O-O O-O 9. f4 Nxd4 10. Qxd4 Qa5 11. Kb1 h6 12. h4 Rd8 13. Bd3 Bd7 14. e5 dxe5
15. fxe5 Bc6 16. Qe3 Ng4 17. Qg3 hxg5 18. hxg5 Qxe5 19. Qxg4 Qxg5 20. Qh3
1/2-1/2

[Event "Amsterdam Chess Tournament 2005"]
[Site "Amsterdam NED"]
[Date "2005.07.20"]
[Round "5.16"]
[White "Van der Wiel, John"]
[Black "Van de Oudeweetering, Arthur"]
[Result "1-0"]
[WhiteElo "2508"]
[BlackElo "2368"]
[PlyCount "55"]
[EventDate "2005.07.16"]
[EventType "tourn"]
[EventRounds "9"]
[EventCountry "NED"]
[Source "lmi"]
[SourceDate "2005.07.25"]

1. e4 e5 2. Nf3 Nc6 3. d4 exd4 4. Nxd4 Qf6 5. Nb3 Qg6 6. Nc3 Bb4 7. Bd2 Bxc3 8.
Bxc3 Qxe4+ 9. Be2 d6 10. Qd2 Nf6 11. O-O-O Be6 12. Nd4 Nxd4 13. Bxd4 Qc6 14.
Qa5 a6 15. Bf3 Ne4 16. Rhe1 f5 17. Bxg7 Rg8 18. g4 Rxg7 19. gxf5 Qc5 20. Qa4+
Bd7 21. Qxe4+ Kd8 22. Qh4+ Kc8 23. Rd5 Qb6 24. f6 Rf7 25. Qg3 Rf8 26. Re7 Bc6
27. Qg7 Rd8 28. f7 1-0

[Event "Amsterdam Chess Tournament 2005"]
[Site "Amsterdam NED"]
[Date "2005.07.20"]
[Round "5.17"]
[White "D'Costa, Lorin"]
[Black "Hoffmann, Michael"]
[Result "1/2-1/2"]
[WhiteElo "2352"]
[BlackElo "2475"]
[PlyCount "45"]
[EventDate "2005.07.16"]
[EventType "tourn"]
[EventRounds "9"]
[EventCountry "NED"]
[Source "lmi"]
[SourceDate "2005.07.25"]

1. e4 c5 2. Nf3 d6 3. d4 Nf6 4. Nc3 cxd4 5. Nxd4 a6 6. a4 Nc6 7. Be2 e6 8. O-O
Be7 9. Be3 O-O 10. f4 Qc7 11. Kh1 Bd7 12. Qe1 Nxd4 13. Bxd4 Bc6 14. Qg3 b5 15.
axb5 axb5 16. Nxb5 Bxb5 17. Bxb5 Qxc2 18. Rae1 Qc7 19. Bd3 Nh5 20. Qg4 Nf6 21.
Qg3 Nh5 22. Qg4 Nf6 23. Qg3 1/2-1/2

[Event "Amsterdam Chess Tournament 2005"]
[Site "Amsterdam NED"]
[Date "2005.07.20"]
[Round "5.18"]
[White "Williams, Simon"]
[Black "Ivanov, Jordan Mitev"]
[Result "1-0"]
[WhiteElo "2461"]
[BlackElo "2347"]
[PlyCount "61"]
[EventDate "2005.07.16"]
[EventType "tourn"]
[EventRounds "9"]
[EventCountry "NED"]
[Source "lmi"]
[SourceDate "2005.07.25"]

1. d4 d5 2. c4 dxc4 3. e3 e5 4. Bxc4 exd4 5. exd4 Nf6 6. Nf3 Bd6 7. O-O O-O 8.
Bg5 h6 9. Bh4 Nc6 10. Nc3 Bg4 11. Re1 Bxf3 12. Qxf3 Nxd4 13. Qd3 Ne6 14. Rad1
Nf4 15. Qc2 g5 16. Bg3 Kg7 17. Nb5 Re8 18. Nd4 Rxe1+ 19. Rxe1 Qf8 20. Nf5+ Kg8
21. Qb3 Ng4 22. Bxf4 Bxf4 23. Re7 Kh8 24. Qc3+ f6 25. Qh3 Bd6 26. Rf7 Bxh2+ 27.
Kf1 Qc5 28. Qxg4 Rd8 29. Qe4 Qe5 30. Qxe5 Bxe5 31. Ne7 1-0

[Event "Amsterdam Chess Tournament 2005"]
[Site "Amsterdam NED"]
[Date "2005.07.20"]
[Round "5.19"]
[White "Purnama, Tirta Chandra"]
[Black "Ernst, Sipke"]
[Result "1/2-1/2"]
[WhiteElo "2337"]
[BlackElo "2457"]
[PlyCount "115"]
[EventDate "2005.07.16"]
[EventType "tourn"]
[EventRounds "9"]
[EventCountry "NED"]
[Source "lmi"]
[SourceDate "2005.07.25"]

1. d4 d5 2. c4 dxc4 3. Nf3 Nf6 4. e3 e6 5. Bxc4 c5 6. O-O a6 7. Bb3 b5 8. a4 b4
9. Nbd2 Be7 10. e4 cxd4 11. e5 Nfd7 12. Ne4 Bb7 13. Nd6+ Bxd6 14. exd6 Nc5 15.
Nxd4 Qxd6 16. Nxe6 Qxd1 17. Nc7+ Kd7 18. Rxd1+ Kxc7 19. Bf4+ Kb6 20. Be3 a5 21.
Rac1 Nba6 22. Bc4 Rhd8 23. Bxa6 Kxa6 24. Bxc5 Bc6 25. Rxd8 Rxd8 26. Bxb4 axb4
27. Rxc6+ Kb7 28. Rc1 Rd2 29. h4 Rxb2 30. Rc5 Ka6 31. Rb5 f5 32. g3 g6 33. Kg2
Rb3 34. Kh3 Rb1 35. Kg2 Rb3 36. Kh3 f4 37. Kg4 fxg3 38. fxg3 h5+ 39. Kf4 Ka7
40. Ra5+ Kb6 41. Rg5 Ka6 42. Rxg6+ Ka5 43. Rg5+ Kxa4 44. Rxh5 Rc3 45. Rh8 Rc4+
46. Kf3 b3 47. Rb8 Rc3+ 48. Kg4 Rc4+ 49. Kh3 Ka3 50. h5 b2 51. Rxb2 Kxb2 52. g4
Kc3 53. Kh4 Kd4 54. Kg5 Ke5 55. h6 Rc7 56. Kg6 Rc6+ 57. Kg7 Rc4 58. h7 1/2-1/2

[Event "Amsterdam Chess Tournament 2005"]
[Site "Amsterdam NED"]
[Date "2005.07.20"]
[Round "5.21"]
[White "Senff, Martin"]
[Black "Beckhuis, Gernod"]
[Result "1-0"]
[WhiteElo "2467"]
[BlackElo "2324"]
[PlyCount "101"]
[EventDate "2005.07.16"]
[EventType "tourn"]
[EventRounds "9"]
[EventCountry "NED"]
[Source "lmi"]
[SourceDate "2005.07.25"]

1. e4 c5 2. Nf3 Nc6 3. Bb5 g6 4. Bxc6 dxc6 5. d3 Bg7 6. h3 e5 7. Be3 Qe7 8. Qd2
h6 9. Qc3 b6 10. b4 Nf6 11. bxc5 b5 12. a4 O-O 13. axb5 cxb5 14. c6 Qc7 15. Qc5
Be6 16. Nc3 a6 17. Qb6 Qxb6 18. Bxb6 Rfc8 19. c7 Ne8 20. Kd2 f5 21. Rhe1 b4 22.
Na4 fxe4 23. Rxe4 Nxc7 24. Nxe5 Bd5 25. Re2 Nb5 26. f4 g5 27. g3 Rab8 28. Ke3
Re8 29. d4 Nd6 30. Bc5 Nf5+ 31. Kf2 gxf4 32. gxf4 Bf6 33. Nb6 Bh4+ 34. Kg1 Bf3
35. Rd2 Rxe5 36. dxe5 Kh8 37. Rg2 Bxg2 38. Kxg2 Rg8+ 39. Kf3 Be7 40. Bxe7 Nxe7
41. Rxa6 Rg1 42. Nc4 Rf1+ 43. Ke4 Re1+ 44. Ne3 Kg7 45. Ra7 Kf8 46. Rd7 Rh1 47.
e6 Rxh3 48. Nf5 Nxf5 49. Kxf5 Rc3 50. Kf6 Kg8 51. Rd8+ 1-0

[Event "Amsterdam Chess Tournament 2005"]
[Site "Amsterdam NED"]
[Date "2005.07.20"]
[Round "5.22"]
[White "Jonkman, Harmen"]
[Black "De Boer, Sybolt"]
[Result "1/2-1/2"]
[WhiteElo "2454"]
[BlackElo "2320"]
[PlyCount "128"]
[EventDate "2005.07.16"]
[EventType "tourn"]
[EventRounds "9"]
[EventCountry "NED"]
[Source "lmi"]
[SourceDate "2005.07.25"]

1. e4 c5 2. c3 d5 3. exd5 Qxd5 4. d4 Nf6 5. Nf3 e6 6. Bd3 Nc6 7. a3 Be7 8. Be3
cxd4 9. cxd4 b6 10. Nc3 Qd6 11. O-O Bb7 12. Qe2 O-O 13. Rad1 Rad8 14. Bb1 Rfe8
15. Bc1 g6 16. Rfe1 Qb8 17. h3 Rd7 18. Ba2 Qd8 19. Bg5 Nd5 20. Bxd5 Bxg5 21.
Nxg5 Qxg5 22. Qf3 Nxd4 23. Rxd4 Qd8 24. Bxb7 Rxd4 25. Bc6 Rf8 26. Qe3 Rd2 27.
Re2 Rxe2 28. Qxe2 Qd4 29. Bf3 Rd8 30. Qd1 Qxd1+ 31. Nxd1 f5 32. Kf1 Rd2 33. Ke1
Rc2 34. Be2 e5 35. Bd3 Rc7 36. Nc3 Kg7 37. Ke2 Kf7 38. h4 Ke6 39. Bb1 e4 40. f4
exf3+ 41. gxf3 Ke5 42. f4+ Ke6 43. Ba2+ Kd7 44. Bg8 Ke8 45. Bd5 Re7+ 46. Kf2
Kf8 47. Bf3 Kg7 48. Nd5 Re8 49. Nb4 h6 50. Nc6 a5 51. Ne5 g5 52. hxg5 hxg5 53.
Nc4 Rc8 54. Be2 gxf4 55. Nxb6 Rb8 56. Nc4 Kf6 57. Bd1 Rh8 58. Bf3 Rc8 59. Be2
Rb8 60. Bd1 Rh8 61. b3 Rh2+ 62. Kf3 Rh1 63. Be2 Rh3+ 64. Kxf4 Rxb3 1/2-1/2

[Event "Amsterdam Chess Tournament 2005"]
[Site "Amsterdam NED"]
[Date "2005.07.20"]
[Round "5.24"]
[White "Van der Elburg, Freddie"]
[Black "Bellin, Robert"]
[Result "1/2-1/2"]
[WhiteElo "2290"]
[BlackElo "2399"]
[PlyCount "40"]
[EventDate "2005.07.16"]
[EventType "tourn"]
[EventRounds "9"]
[EventCountry "NED"]
[Source "lmi"]
[SourceDate "2005.07.25"]

1. c4 c5 2. g3 g6 3. Bg2 Bg7 4. Nc3 Nc6 5. a3 a5 6. e3 d6 7. Nge2 h5 8. d4 Bd7
9. h3 cxd4 10. exd4 Nh6 11. Bg5 a4 12. Nb5 Qb8 13. O-O Nf5 14. Qd3 e5 15. d5
Na5 16. c5 dxc5 17. d6 c4 18. Qd5 O-O 19. Nc7 Ra7 20. Rad1 b6 1/2-1/2

[Event "Amsterdam Chess Tournament 2005"]
[Site "Amsterdam NED"]
[Date "2005.07.20"]
[Round "5.25"]
[White "Afek, Yochanan"]
[Black "Spaan, Tigran"]
[Result "0-1"]
[WhiteElo "2389"]
[BlackElo "2284"]
[PlyCount "52"]
[EventDate "2005.07.16"]
[EventType "tourn"]
[EventRounds "9"]
[EventCountry "NED"]
[Source "lmi"]
[SourceDate "2005.07.25"]

1. e4 e6 2. d4 d5 3. e5 c5 4. c3 Qb6 5. a3 Nc6 6. Nf3 Nh6 7. Bd3 Bd7 8. Bc2 Be7
9. O-O O-O-O 10. b4 cxd4 11. cxd4 f6 12. exf6 Bxf6 13. Bb2 Kb8 14. Nbd2 Nxd4
15. Nxd4 Bxd4 16. Nc4 dxc4 17. Bxd4 Qc7 18. Bxg7 Bc6 19. Bxh8 Rxd1 20. Raxd1
Ng4 21. f4 Qe7 22. Be5+ Kc8 23. Bd6 Qg7 24. f5 Qc3 25. b5 Qxc2 26. bxc6 Ne3 0-1

[Event "Amsterdam Chess Tournament 2005"]
[Site "Amsterdam NED"]
[Date "2005.07.20"]
[Round "5.26"]
[White "Gullaksen, Eirik T"]
[Black "Hartoch, Robert"]
[Result "1/2-1/2"]
[WhiteElo "2382"]
[BlackElo "2272"]
[PlyCount "30"]
[EventDate "2005.07.16"]
[EventType "tourn"]
[EventRounds "9"]
[EventCountry "NED"]
[Source "lmi"]
[SourceDate "2005.07.25"]

1. e4 g6 2. d4 Bg7 3. Nc3 c6 4. Nf3 d6 5. a4 Nf6 6. a5 O-O 7. h3 Nbd7 8. Be3
Rb8 9. Bc4 Nxe4 10. Nxe4 d5 11. Bd3 dxe4 12. Bxe4 Nf6 13. Bd3 Nd5 14. Bd2 c5
15. c3 cxd4 1/2-1/2

[Event "Amsterdam Chess Tournament 2005"]
[Site "Amsterdam NED"]
[Date "2005.07.20"]
[Round "5.27"]
[White "Bezemer, Arno"]
[Black "Markus, John Raymond"]
[Result "1-0"]
[WhiteElo "2364"]
[BlackElo "2227"]
[PlyCount "59"]
[EventDate "2005.07.16"]
[EventType "tourn"]
[EventRounds "9"]
[EventCountry "NED"]
[Source "lmi"]
[SourceDate "2005.07.25"]

1. e4 e5 2. Nf3 Nc6 3. Bb5 a6 4. Ba4 Nf6 5. O-O b5 6. Bb3 Bc5 7. a4 Bb7 8. d3
h6 9. Nc3 b4 10. Ne2 d6 11. Ng3 Ne7 12. c3 bxc3 13. bxc3 O-O 14. d4 Ba7 15.
dxe5 Nxe4 16. Nxe4 Bxe4 17. Ba3 d5 18. Re1 c5 19. c4 Rc8 20. cxd5 Bxd5 21. Bxd5
Qxd5 22. Qe2 Rc6 23. Rad1 Qb3 24. Rd7 Nc8 25. Qe4 Re6 26. Nd4 cxd4 27. Bxf8
Kxf8 28. Qh7 Ke8 29. Rc7 Kd8 30. Rec1 1-0